000 00501nam a2200181 4500
999 _c164228
_d164228
005 20190514130910.0
010 _aENG-125174
020 _a9789382636137
_c425.00
035 _aEN-108706
037 _bDBAD/PUB
082 _a793.319
100 _aSingh, Laxmi
245 _aKathak/
_cby Laxmi Singh
260 _aAllahabad
_bChandra Publication
_c2015
270 _a5-C/10, Khusro Bagh Road
_bAllahabad
_e211001
300 _av,160p.
_c22cm(Hb)
942 _2ddc
_cEN
_h793.319
_mSIN